Festival de festivals : espectacles de teatre, música i dansa : programa guia estiu 2003 espectacles de teatre, música i dansa :
Descripción Física:
18 p. : il. col. ; 28 cm
MARC
| LEADER | 00000nam a2200000Ia 4500 | ||
|---|---|---|---|
| 001 | 17911 | ||
| 008 | 160829s2003 xx 000 0 cat d | ||
| 710 | 1 | |a Barcelona (Catalunya : Província). |b Oficina de Difusió Artística |9 52669 | |
| 710 | 1 | |a Barcelona (Catalunya : Província). |b Àrea de Cultura |9 53536 | |
| 952 | |0 0 |1 0 |4 0 |7 1 |9 48977 |a Arxiu |b Arxiu |d 2016-12-01 |h 2003 |o FU-52-28 |p 17911 |r 2016-12-01 00:00:00 |w 2016-12-01 |y ARXIU | ||
| 999 | |c 52812 |d 52812 | ||
| 080 | |a FU-52-28 | ||
| 245 | |a Festival de festivals : |b espectacles de teatre, música i dansa : |b programa guia estiu 2003 | ||
| 260 | |a [Barcelona] : |b Diputació de Barcelona, |c 2003 | ||
| 300 | |a 18 p. : |b il. col. ; |c 28 cm | ||
| 650 | |a Festivals de teatre |x Barcelona (Província) |9 31530 | ||
| 650 | |a Festivals de música |x Barcelona (Província) |9 31531 | ||
| 650 | |a Festivals de dansa |x Barcelona (Província) |9 31532 | ||
| 901 | |a Arxiu | ||
| 942 | |n 1 |2 udc | ||